U.S. States with the Highest % of National Park Cover - Statistics

General Stats
  • This quiz has been taken 31 times
  • The average score is 8 of 10
Answer Stats
% State % Correct
8.91 Alaska
96%
6.26 California
96%
5.09 Florida
89%
9.43 Hawaii
89%
3.91 Washington
89%
2.11 Arizona
85%
1.16 Montana
85%
3.93 Wyoming
85%
1.60 Utah
81%
1.58 Michigan
52%
No matching quizzes found
Score Distribution
Percent of People with Each Score
Percentile by Number Answered
Your Score History
You have not taken this quiz